000 00354cam a2200145ua 4500
041 _aeng
_h
082 _a823.301
_bFAU/NE
100 _aFaucett, .
245 _aNew testment stories /
_cFaucett.
_hTextual Documents
260 _aCalcutta :
_bOxford University Press ,
_c1960.
300 _a32 ; .
504 _a
942 _cBK
999 _c3470
_d3470